Catálogo - Centro de Recursos para el Aprendizaje y la Investigación

Volver al Sitio - CRAI Biblioteca

Reformas a la Constitución Política Dominicana 1994-2002-2010 / (Registro nro. 108737)

Detalles MARC
000 -CABECERA
campo de control de longitud fija 02210nam a2200289 4500
001 - NÚMERO DE CONTROL
campo de control 108737
003 - IDENTIFICADOR DEL NÚMERO DE CONTROL
campo de control DR-UNIBE
005 - FECHA Y HORA DE LA ÚLTIMA TRANSACCIÓN
campo de control 20260511151125.0
008 - DATOS DE LONGITUD FIJA--INFORMACIÓN GENERAL
campo de control de longitud fija 220202b2014 dr ||||| |||| 00| 0 spa d
040 ## - FUENTE DE LA CATALOGACIÓN
Centro catalogador/agencia de origen BIBLIOTECA UNIBE
Centro/agencia transcriptor BIBLIOTECA UNIBE
041 ## - CÓDIGO DE LENGUA
Código de lengua del texto/banda sonora o título independiente spa
082 ## - NÚMERO DE LA CLASIFICACIÓN DECIMAL DEWEY
Número de clasificación RD 342.037293 P426r 2014
100 ## - ENTRADA PRINCIPAL--NOMBRE DE PERSONA
9 (RLIN) 53494
Nombre de persona Peralta Romero, Rafael,
Fechas asociadas al nombre 1948 -
Término indicativo de función/relación autor
245 ## - MENCIÓN DE TÍTULO
Título Reformas a la Constitución Política Dominicana 1994-2002-2010 /
Mención de responsabilidad, etc. Rafael Peralta Romero, Antoliano Peralta Romero ; prólogo: Ramonina Brea ; diseño de portada: Denis Mota Álvarez
260 ## - PUBLICACIÓN, DISTRIBUCIÓN, ETC.
Lugar de publicación, distribución, etc. Santo Domingo :
Nombre del editor, distribuidor, etc. Editorial Gente,
Fecha de publicación, distribución, etc. 2014
300 ## - DESCRIPCIÓN FÍSICA
Extensión 444 páginas
500 ## - NOTA GENERAL
Nota general En la portada el mural de Aurelio Crosiet en el salón de la Asamblea Nacional, 1957. Incluye prólogo, presentación, anexos, epílogo.<br/>Datos de los autores en las solapas, comentario de la obra en la contraportada
504 ## - NOTA DE BIBLIOGRAFÍA, ETC.
Nota de bibliografía, etc. Incluye bibliografía
505 ## - NOTA DE CONTENIDO CON FORMATO
Nota de contenido con formato Primera parte. Reforma constitucional de 1994, 19. Reseña histórica, 21. Constitución proclamada en 1994, 37. Anexo I (Ley 16-94), 91. Anexo II (Pacto por la democracia), 97. Anexo III (Declaración de José O. Leger), 103. Anexo IV (Declaración de Frank Moya Pons), 107. Bibliografía, 121. Segunda parte. Reforma constitucional de 2002, 123. Reseña histórica, 125. Constitución proclamada en 2002, 131. Anexo I (Ley 73-02), 195. Anexo II (Buen tino), 201. Bibliografía, 207. Tercera parte. Reforma constitucional de 2010, 209. Reseña histórica, 211. Constitución proclamada en 2010, 237. Anexo I (Decreto 323-06), 379. Anexo II (Ley 70-09), 385. Anexo III (Decreto 24-09), 401. Anexo IV (Discurso de proclamación, Presidente Leonel Fernández), 405. Anexo V (Otro discurso de Leonel Fernández), 425. Bibliografía, 437. Epílogo, 439.
650 ## - PUNTO DE ACCESO ADICIONAL DE MATERIA--TÉRMINO DE MATERIA
Término de materia o nombre geográfico como elemento de entrada Reformas constitucionales
Subdivisión geográfica República Dominicana
9 (RLIN) 30189
651 ## - PUNTO DE ACCESO ADICIONAL DE MATERIA--NOMBRE GEOGRÁFICO
Nombre geográfico República Dominicana
Subdivisión general Constitución
9 (RLIN) 622
651 ## - PUNTO DE ACCESO ADICIONAL DE MATERIA--NOMBRE GEOGRÁFICO
Nombre geográfico República dominicana
Subdivisión general Historia constitucional
9 (RLIN) 194322
700 ## - PUNTO DE ACCESO ADICIONAL--NOMBRE DE PERSONA
9 (RLIN) 148060
Nombre de persona Peralta Romero, Antoliano
Término indicativo de función/relación autor
700 ## - PUNTO DE ACCESO ADICIONAL--NOMBRE DE PERSONA
Nombre de persona Mota Álvarez, Denis
Títulos y otros términos asociados al nombre diseñador de portada
9 (RLIN) 204816
700 ## - PUNTO DE ACCESO ADICIONAL--NOMBRE DE PERSONA
Nombre de persona Brea, Ramonina
9 (RLIN) 26886
Término indicativo de función/relación prologuista
942 ## - ELEMENTOS DE PUNTO DE ACCESO ADICIONAL (KOHA)
Fuente del sistema de clasificación o colocación Sistema de Clasificación Decimal Dewey
Tipo de ítem Koha Libro (general)
Existencias
Estado de retiro Estado de pérdida Fuente del sistema de clasificación o colocación No para préstamo Código de colección Localización permanente Fecha de adquisición Total de préstamos Signatura topográfica completa Código de barras Fecha visto por última vez Número de copia Precio válido a partir de Tipo de ítem Koha
  Disponible Sistema de Clasificación Decimal Dewey   General - Libros dominicanos Biblioteca Central UNIBE 02/02/2020   RD 342.037293 P426r 2014 220012 02/02/2022 Ej. 1 02/02/2022 Libro (general)